Técnicas efectivas de aprendizaje: cómo conseguirlas y disfrutar con ellas

Đã lưu trong:
Chi tiết về thư mục
Những tác giả chính: Schuster, Donald H (Tác giả), Gritton, Charles E (Tác giả)
Định dạng: Sách
Ngôn ngữ:Tiếng Tây Ban Nha
Được phát hành: Ciudad de México Grijalbo 1993
Loạt:Guía Práctica de Bolsillo
Những chủ đề:
Các nhãn: Thêm thẻ
Không có thẻ, Là người đầu tiên thẻ bản ghi này!

MARC

LEADER 00000nam a2200000 a 4500
001 UCN7117
003 CL-VaPUC
008 011012e19930000MX |||||||||||||||||spa|d
082 0 4 |a 371.3  |b SCH  |2 21 
100 0 |a Schuster, Donald H  |e author  |9 463047 
700 0 |a Gritton, Charles E  |e author  |9 463048 
245 1 0 |a Técnicas efectivas de aprendizaje: cómo conseguirlas y disfrutar con ellas 
300 |a 361 p 
942 |c BK 
945 |d 20011012 00:00:00  |a cmena 
260 |a Ciudad de México  |b Grijalbo  |c 1993 
650 0 |a Métodos de aprendizaje  |9 334464 
650 0 |a Motivación   |9 315362 
583 |a last modification  |c 20011012 00:00:00  |k Rodrigo Vera 
490 0 |a Guía Práctica de Bolsillo 
999 |c 297634  |d 297632 
952 |0 0  |1 0  |4 0  |6 371_300000000000000_SCH_1993  |7 0  |8 A  |9 352549  |a BIBEDU  |b BIBEDU  |d 2019-11-21  |i 3762904  |o 371.3 SCH 1993  |p 3762904  |r 2019-11-21  |w 2019-11-21  |y BK  |k CUE